[Event "FRA-ch op-C"]
[Site "Caen"]
[Date "2011.08.25"]
[Round "9"]
[White "Viot, Gabriel"]
[Black "Martineau, Arthur"]
[Result "0-1"]
[WhiteElo "1658"]
[BlackElo "1713"]
[PlyCount "86"]
[EventDate "2011.08.16"]
[EventType "swiss"]
[EventRounds "11"]
[EventCountry "FRA"]
[SourceTitle "EXT 2012"]
[Source "ChessBase"]
[SourceDate "2011.11.24"]
[SourceVersion "1"]
[SourceVersionDate "2011.11.24"]
[SourceQuality "1"]

1. d4 Nf6 2. c4 g6 3. Nf3 Bg7 4. g3 d5 5. cxd5 Nxd5 6. Bg2 Nb6 7. 0-0 c5 8. dxc5 Qxd1 9. Rxd1 Na4 10. Nc3 Bxc3 11. bxc3 0-0 12. Bh6 Re8 13. Ne5 Nxc5 14. Rd5 Nba6 15. Be3 Be6 16. Rxc5 Nxc5 17. Bxc5 Rac8 18. Bxa7 f6 19. Nd3 Rxc3 20. h4 b5 21. Nf4 Bc4 22. Bc5 Rc2 23. Be4 Rxa2 24. Rxa2 Bxa2 25. Bd5+ Bxd5 26. Nxd5 Kf7 27. Kf1 e5 28. Ke1 Rc8 29. Bb4 Rc4 30. Ba5 h5 31. Ne3 Ra4 32. Bc3 b4 33. Bb2 g5 34. hxg5 Ra2 35. Nd1 fxg5 36. Bxe5 Ke6 37. Bb2 b3 38. Kd2 h4 39. gxh4 gxh4 40. Ke3 Ra8 41. Kf3 Rg8 42. Ne3 h3 43. Ng4 Rxg4 0-1